000 00338 a2200157 4500
001 59139
020 _a8526231006
040 _cAnchieta - Pituba
100 _aLuz, Antônio Máximo Ribeiro da
240 1 0 _aCurso de física
_lpor
245 1 0 _aCurso de física
300 _a414
362 0 _a2000
650 4 _aFísica
942 _cBK
999 _c59139
_d59139